| 000 | 00594nam a2200205 i 4500 | ||
|---|---|---|---|
| 001 | bgj | ||
| 100 | 1 | _aNIETZSCHE, Friedrich. | |
| 245 | 1 | 0 |
_aZeitgemässes und Unzeitgemässes / _cFriedrich Nietzsche ; Ausgewählt und Eingeletet von Karl Löwith. |
| 260 |
_aFrankfurt am Main ; _aHamburg : _bFischer Bücherei, _c1956. |
||
| 300 |
_a249, [1] s. ; _c18 cm. |
||
| 490 | 1 |
_aBücher des Wissens _v115 |
|
| 650 | 9 | _aFilozofia | |
| 830 | _aBücher des Wissens | ||
| 040 | _cBPK | ||
| 041 | 0 | _ager | |
| 044 | _aDEU | ||
| 080 | _a1 | ||
| 942 | _cKS | ||
| 008 | s gw f |000 0 ger | ||
| 999 |
_c50724 _d50724 |
||
| 856 |
_uhttp://koha.tu.koszalin.pl/cgi-bin/koha/opac-detail.pl?biblionumber=50724 _yKatalog online BPK |
||